Stolice Azji - Statystyki

Ogólne statystyki
  • Ten quiz został rozwiązany 65 razy
  • Średni wynik to 32 z 48
Statystyki odpowiedzi
Państwo Stolica % Poprawnych
Turcja Ankara
86%
Azerbejdżan Baku
81%
Izrael Jerozolima
81%
Rosja Moskwa
81%
Cypr Nikozja
81%
Indie Nowe Delhi
81%
Iran Teheran
81%
Japonia Tokio
81%
Afganistan Kabul
78%
Kuwejt Kuwejt
78%
Malediwy Male
78%
Chiny Pekin
78%
Korea Południowa Seul
78%
ZjednoczoneEmiraty Arabskie Abu Zabi
76%
Irak Bagdad
76%
Singapur Singapur
76%
Tajlandia Bangkok
73%
Korea Północna Pjongjang
73%
Kazachstan Astana
70%
Katar Doha
70%
Filipiny Manila
70%
ArabiaSaudyjska Rijad
70%
Gruzja Tbilisi
70%
Mongolia Ułan Bator
70%
Syria Damaszek
68%
Indonezja Dżakarta
68%
Pakistan Islamabad
68%
Armenia Erywań
65%
Wietnam Hanoi
65%
Jemen Sana
62%
Laos Wientian
62%
Liban Bejrut
59%
Timor Wschodni Dili
59%
Malezja Kuala Lumpur
59%
Sri Lanka Sri Dźajawardanapura Kotte
59%
Kirgistan Biszkek
57%
Bangladesz Dhaka
57%
Turkmenistan Aszchabad
54%
Oman Maskat
54%
Nepal Katmandu
51%
Brunei Bandar SeriBegawan
49%
Bahrajn Manama
49%
Uzbekistan Taszkent
49%
Jordania Amman
46%
Tadżykistan Duszanbe
46%
Kambodża Phnom Penh
41%
Bhutan Thimphu
41%
Mjanma Naypyidaw
32%
Nie znaleziono quizów pasujących do podanych kryteriów
Rozkład punktacji
Procent ludzi z każdym wynikiem
Percentyl według liczby udzielonych odpowiedzi
Twoja historia wyników
Nie rozwiązałeś tego quizu